000 00343nam a2200145 i 4500
001 bg
100 1 _aBOGDANIENKO, Jerzy
245 0 _aWynalazczość i racjonalizacja /
_cJ. Bogdanienko.
260 _aWarszawa,
_c1985.
040 _cBPK
041 _apol
080 _a608+331.876
942 _cKS
008 s pl f |000 0 pol
999 _c1282
_d1282
856 _uhttp://koha.tu.koszalin.pl/cgi-bin/koha/opac-detail.pl?biblionumber=1282
_yKatalog online BPK